• 首页
  • 本馆介绍
  • 公告通知
  • 最新文献
  • 馆藏检索
  • 电子资源
  • 读者导购
  • 参考咨询
  • 我的图书馆
  • 登录
  • 详细信息显示
  • 放入我的书架
  • 预约/预借图书
  • 作者相关作品
  • 分类相关作品
  • 丛书相关作品
  • 出版社相关作品

书目信息

  • 表格格式
  • 工作单格式
  • 卡片格式
题名:
海水表面温度、盐度卫星遥感与业务应用
    
 
作者: 赵冬至 , 王祥 , 王新新 , 马玉娟 编著
分册:  
出版信息: 北京   海洋出版社  2019.09
页数: 172页
开本: 29cm
丛书名: 海洋生态文明建设丛书
单 册:
中图分类: P731.1 , P715.6
科图分类:
主题词: 海水温度--hai shui wen du--表面温度--卫星遥感--卫星探测--研究 , 海水--hai shui--盐度--卫星遥感--卫星探测--研究
电子资源:
ISBN: 978-7-5210-0284-3
000 01632nam 2200337 450
001 0109110152
005 20201109110337.0
010    @a978-7-5210-0284-3@dCNY198.00
100    @a20200408d2019 em y0chiy50 ea
101 0  @achi
102    @aCN@b110000
105    @aa az 000yy
106    @ar
200 1  @a海水表面温度、盐度卫星遥感与业务应用@Ahai shui biao mian wen du 、 yan du wei xing yao gan yu ye wu ying yong@f赵冬至[等]编著
210    @a北京@c海洋出版社@d2019.09
215    @a172页@c彩图@d29cm
225 2  @a海洋生态文明建设丛书@Ahai yang sheng tai wen ming jian she cong shu
300    @a“十三五”国家重点出版物出版规划项目
320    @a有书目(第154-165页)
330    @a本书是对近10余年来在国家“863专项”、“908专项”、财政部海洋公益专项、国家海洋局业务化专项、国家中长期发展规划高分辨率对地观测专项和浙江省、河北省海洋专项资金支持下所取得的研究成果系统全面的总结。这些内容始于赤潮卫星遥感探测的海温研究并逐步形成了温度对浮游植物的影响机制,遥感探测机制,自主卫星的SST模型、我国近海海区和省级SST产品的业务生产,其间完成了海洋行业标准SST技术规程的制定等,形成了科学研究。应用示范和业务化应用,以期为我国水体红外遥感行业的发展提供有益的借鉴。
461  0 @12001 @a海洋生态文明建设丛书
606 0  @a海水温度@Ahai shui wen du@x表面温度@x卫星遥感@x卫星探测@x研究
606 0  @a海水@Ahai shui@x盐度@x卫星遥感@x卫星探测@x研究
690    @aP731.1@v5
690    @aP715.6@v5
701  0 @a赵冬至@Azhao dong zhi@4编著
701  0 @a王祥@Awang xiang@4编著
701  0 @a王新新@AWang Xin Xin@4编著
701  0 @a马玉娟@Ama yu juan@4编著
801  0 @aCN@bBJSZM@c20201103
905    @b1213913-4@dP731.1@e118@f2
    
    海水表面温度、盐度卫星遥感与业务应用/赵冬至[等]编著.-北京:海洋出版社,2019.09
    172页:彩图;29cm.-(海洋生态文明建设丛书)
    “十三五”国家重点出版物出版规划项目
    
    ISBN 978-7-5210-0284-3:CNY198.00
    本书是对近10余年来在国家“863专项”、“908专项”、财政部海洋公益专项、国家海洋局业务化专项、国家中长期发展规划高分辨率对地观测专项和浙江省、河北省海洋专项资金支持下所取得的研究成果系统全面的总结。这些内容始于赤潮卫星遥感探测的海温研究并逐步形成了温度对浮游植物的影响机制,遥感探测机制,自主卫星的SST模型、我国近海海区和省级SST产品的业务生产,其间完成了海洋行业标准SST技术规程的制定等,形成了科学研究。应用示范和业务化应用,以期为我国水体红外遥感行业的发展提供有益的借鉴。
●
相关链接 在E读中查询图书 在五车中查询图书 在当当中查询图书 在豆瓣中查询图书


正题名:海水表面温度、盐度卫星遥感与业务应用     索取号:P731.1/118         预约/预借

序号 登录号 条形码 馆藏地/架位号 状态 备注
1 1213913   212139130   第二样本阅览室/ [索取号:P731.1/118] 在馆    
2 1213914   212139149   第三借阅区/ [索取号:P731.1/118] 在馆    
唐山师范学院图书馆 欢迎您!
大连网信软件有限公司© 版权所有